Statistics for Category Elimination - Numbers (Hard Version)

Click here to take the quiz!

General Stats

  • This quiz has been taken 599 times
  • The average score is 14 of 20

Answer Stats

Group#Category% Correct
Green1000Integer between 0 and 1000
100%
Green63... with its digits adding up to 10
97%
Green39... that shares a factor with 60
88%
Orange1203-digit integer with digits in descending order
87%
Orange56... with no consecutive numbers
84%
Blue34Year from 1950 to 2020 that no country joined the UN in
80%
Blue18... that is odd
79%
Green14... with a 0
78%
Blue7... with all unique digits
78%
Purple59Integer with 4 factors between 1 and 200
74%
Blue3... that is a multiple of 3
70%
Orange28... with a two-digit largest prime factor
66%
Purple30... with two non-zero digits
63%
Blue1... but doesn't end in 32019
63%
Orange18... not starting with 9
59%
Purple17... that is not divisible by 2
59%
Green1... that is a multiple of 27640
49%
Purple4... with only one-digit prime factors
48%
Purple1... that has only one prime factor27
22%
Orange1... with a largest prime factor between 80 and 90830
10%

Score Distribution

Percentile by Number Answered

Percent of People with Each Score

Your Score History

You have not taken this quiz